Top 100 des prénoms féminins les plus donnés en France en 2024 - Statistiques

Statistiques générales
  • Ce quiz a été pris 175 fois
  • Le résultat moyen est 27 sur 100
Statistiques - réponses
# Nombre Prénom % Correct
11 2070 Lou
86%
96 530 Marie
81%
34 1300 Léa
78%
5 2520 Emma
77%
10 2110 Anna
73%
1 3125 Louise
70%
31 1360 Chloé
65%
99 520 Manon
62%
27 1510 Juliette
61%
65 750 Sarah
61%
69 715 Camille
56%
91 560 Clara
55%
2 3055 Jade
55%
16 1870 Julia
52%
44 980 Lola
52%
22 1635 Jeanne
51%
24 1560 Léna
51%
9 2200 Alice
50%
36 1190 Charlotte
50%
21 1680 Eva
49%
43 1015 Lucie
49%
56 805 Inès
47%
30 1365 Zoé
47%
8 2220 Rose
44%
3 2815 Ambre
42%
32 1345 Nina
41%
37 1185 Romane
41%
15 1935 Lina
38%
76 630 Lily
37%
60 775 Maria
36%
73 670 Clémence
35%
50 875 Gabrielle
31%
48 905 Margot
31%
18 1845 Agathe
30%
62 770 Louna
30%
23 1620 Olivia
30%
82 605 Valentine
28%
4 2660 Alba
27%
17 1855 Iris
27%
33 1335 Sofia
27%
80 610 Lila
26%
38 1180 Victoria
26%
55 810 Margaux
25%
59 775 Théa
25%
14 1940 Adèle
24%
20 1725 Charlie
23%
39 1080 Elena
23%
29 1445 Léonie
23%
28 1490 Luna
23%
13 1945 Mia
23%
75 635 Lana
22%
25 1535 Victoire
22%
7 2260 Romy
21%
6 2380 Alma
20%
61 775 Capucine
20%
58 800 Emy
20%
89 565 Héloïse
20%
47 905 Mila
19%
87 575 Amélia
17%
66 740 Maya
17%
42 1020 Alix
16%
40 1060 Ava
16%
53 825 Aya
15%
19 1740 Giulia
13%
97 530 Joséphine
13%
92 545 Nora
13%
70 705 Apolline
12%
90 560 Constance
12%
71 700 Diane
12%
68 715 Ella
12%
83 600 Ellie
12%
93 545 Fatima
12%
12 1990 Inaya
12%
79 610 Valentina
12%
51 855 Yasmine
12%
72 695 Suzanne
11%
52 825 Mya
10%
85 585 Joy
9%
45 965 Lya
9%
86 575 Roxane
8%
64 760 Aria
7%
49 880 Lyna
7%
84 590 Thaïs
7%
26 1535 Nour
6%
100 520 Aïcha
5%
46 925 Albane
5%
35 1220 Alya
5%
63 760 Céleste
5%
94 540 Judith
5%
74 670 Assia
4%
98 525 Leya
4%
54 815 Livia
4%
57 800 Lyana
4%
67 725 Arya
3%
41 1035 Esmée
3%
88 570 Fatoumata
3%
95 535 Mariam
3%
81 610 Ayla
0%
77 625 Jannah
0%
78 615 Maryam
0%
Aucun quiz correspondant
Distribution des résultats
% des personnes avec chaque résultat
Percentile par nombre de réponses
Votre historique - résultats
Vous n’avez pas pris ce quiz